• 首页
  • 本馆介绍
  • 公告通知
  • 最新文献
  • 馆藏检索
  • 电子资源
  • 读者导购
  • 参考咨询
  • 我的图书馆
  • 登录
  • 详细信息显示
  • 放入我的书架
  • 预约/预借图书
  • 作者相关作品
  • 分类相关作品
  • 丛书相关作品
  • 出版社相关作品

书目信息

  • 表格格式
  • 工作单格式
  • 卡片格式
题名:
破解遗传的密码
    
 
作者: 谢天雨 主编
分册:  
出版信息: 北京   中国言实出版社  2004
页数: 280页
开本: 21cm
丛书名: 科学探索大博览
单 册:
中图分类: Q3-49
科图分类:
主题词: 遗传学--普及读物 , 遗传学
电子资源:
ISBN: 7-80128-561-1
000 00804oam2 2200265 45
001 012005200067
005 20070103161133.56
010    @a7-80128-561-1@dCNY432.00(全18册)
092    @aCN@b93429
100    @a20051212d2004 em y0chiy0110 ea
101 0  @achi
102    @aCN@b110000
105    @ay z 000yy
200 1  @a破解遗传的密码@Apo jie yi chuan de mi ma@f谢天雨主编@Fxie tian yu zhu bian
210    @a北京@c中国言实出版社@d2004
215    @a280页@d21cm
225 2  @a科学探索大博览
330    @a本书包括:遗传与遗传学、在细胞里探索、生命的密码词典、你我为什么彼此不同等。
461  0 @12001 @a科学探索大博览
606 0  @a遗传学@j普及读物
606 0  @a遗传学
690    @aQ3-49@v4
701  0 @a谢天雨@Axie tian yu@4主编
801  0 @aCN@bLZJBOOK@c20070103
905    @a10447@dQ3-49@e50
    
    破解遗传的密码/谢天雨主编.-北京:中国言实出版社,2004
    280页;21cm.-(科学探索大博览)
    
    
    ISBN 7-80128-561-1:CNY432.00(全18册)
    本书包括:遗传与遗传学、在细胞里探索、生命的密码词典、你我为什么彼此不同等。
●
相关链接 在E读中查询图书 在五车中查询图书 在当当中查询图书 在豆瓣中查询图书


正题名:破解遗传的密码     索取号:Q3-49/50         预约/预借

序号 登录号 条形码 馆藏地/架位号 状态 备注
1 0560175   205601758   第二样本阅览室/ [索取号:Q3-49/50] 在馆    
2 0560176   205601767   第三借阅区/ [索取号:Q3-49/50] 在馆    
3 0560177   205601776   第三借阅区/ [索取号:Q3-49/50] 在馆    
4 0560178   205601785   第三借阅区/ [索取号:Q3-49/50] 在馆    
5 0560179   205601794   第三借阅区/ [索取号:Q3-49/50] 在馆    
6 0560180   205601801   第三借阅区/ [索取号:Q3-49/50] 在馆    
7 0560181   205601810   第三借阅区/ [索取号:Q3-49/50] 在馆    
8 0560182   205601829   第三借阅区/ [索取号:Q3-49/50] 在馆    
唐山师范学院图书馆 欢迎您!
大连网信软件有限公司© 版权所有